000 01031nam a2200301 i 4500
001 000012732
003 DO-SdBNP
005 20240607155913.0
007 ta
008 091116s1996 dr a 001 0 spa d
040 _aDO-SdBNP
_bspa
_cBNPHU
_erda
082 _aRD863.44
_bR457c
_222
100 1 _aReyes, Sergio
_929497
_eautor
245 1 0 _aCuentos y leyendas de la frontera /
_cSergio Reyes; edición Eduberto Fernández.
264 1 _aSanto Domingo :
_bUASD,
_c1996.
300 _a264 páginas
_bilustraciones
_c21 cm.
336 _2rdacontent
_atexto
_btxt
337 _2rdamedia
_asin mediación
_bn
338 _2rdacarrier
_avolumen
_bnc
500 _aIncluye datos biográficos del autor en la solapa de la cubierta
590 _aInventariado, 2020/MAA
650 0 _aCuentos dominicanos
_9176
650 0 _aLiteratura dominicana.
_967
700 1 2 _aFernández, Eduberto,
_eedición
_913748
710 1 2 _aUniversidad Autónoma de Santo Domingo
_972951
910 _aValidado. Control de calidad MFF
942 _2ddc
_cLBS1
999 _c12383
_d12383